000 00981nam a2200289 a 4500
001 5945
003 BD-RjUL
005 20211208234146.0
008 161015s1992 nyua b 001 0 eng
020 _a0824785908 (alk. paper)
035 _a(BD-RjUL)5984
040 _aDLC
_cDLC
_dBD-RjUL
_beng
041 _aeng
082 0 0 _223
_a352.60973
_bPER 1992
245 1 0 _aPersonnel management in government :
_bpolitics and process /
_cJay M. Shafritz ... [et al.].
250 _a4th ed., rev. and expanded.
260 _aNew York :
_bM. Dekker,
_cc1992.
300 _axiv, 553 p. :
_bill. ;
_c23 cm.
504 _aIncludes bibliographical references and index.
650 0 _aCivil service
_zUnited States
_xPersonnel management.
_916394
700 1 _aShafritz, Jay M.
_918684
700 1 _aRiccucci, Norma M.
_918685
700 1 _aRosenbloom, David H.
_918686
700 1 _aHyde, Albert C.
_918687
942 _2ddc
_cBK
999 _c5945
_d5945